Sistema de oferta y demanda laboral utilizando el software Visual Net 2005 y SQL Server 2000.

Presenta un sistema que realiza la automatización de la gestión de datos en la alcaldía de Ciudad Sandino, se desarrolla un sistema utilizando la herramienta de programación Visual Basic 2005 y el administrador de bases de datos SQL Server 2000, este sistema mejorará el control y el tiempo de r...

Full description

Bibliographic Details
Main Authors: Gaitán Rodríguez, Marvin, Chamorro Zelaya, Carlos José
Other Authors: Tutor: Dalla-Torre Parrales, Cedrick Elksnher
Format: Tesis Section = Libro
Language:Undetermined
Spanish
Published: Managua UNI 2008
Subjects:
LEADER 01338nam a2200265Ia 4500
008 240830s9999 xx 000 0 und d
040 |a BIBLIOTECA-RUSB/ Mon 005.74 G144 
041 |a spa 
082 |a Mon 005.74 G144 
100 1 |a Gaitán Rodríguez, Marvin 
100 1 |b Chamorro Zelaya, Carlos José 
245 1 0 |a Sistema de oferta y demanda laboral utilizando el software Visual Net 2005 y SQL Server 2000. 
260 |a Managua  |b UNI  |c 2008 
300 |a 59 p. :il. 
502 |a Tesis (Ingeniero en Computación) - UNI, 2008. 
520 3 |a Presenta un sistema que realiza la automatización de la gestión de datos en la alcaldía de Ciudad Sandino, se desarrolla un sistema utilizando la herramienta de programación Visual Basic 2005 y el administrador de bases de datos SQL Server 2000, este sistema mejorará el control y el tiempo de respuesta a los pobladores que solicitan empleo en la ventanilla informa joven. 
650 7 |a SISTEMAS DE ADMINISTRACION DE BASES DE DATOS 
650 7 |b  SISTEMAS DE INFORMACION - AUTOMATIZACION 
650 7 |c SOFTWARE - VISUAL NET 2005 Y SQL SERVER 2000 
650 7 |d  EMPLEO - OFERTA Y DEMANDA 
650 7 |e  COLOCACIONES - TRABAJO A JOVENES - ALCALDIA CIUDAD SANDINO 
700 1 |a Tutor:  |b Dalla-Torre Parrales, Cedrick Elksnher 
942 |c BK  |2 ddc 
991 |a TESIS 
999 |c 19780